| 000 | nam a22 a 4500 | ||
|---|---|---|---|
| 999 |
_c412755 _d412755 |
||
| 003 | BLK | ||
| 005 | 20221208031055.0 | ||
| 008 | 210507b bu |||||r|||| 00| 0 bu d | ||
| 040 | _aBLK | ||
| 041 |
_aRUS _cRUS |
||
| 080 |
_aПатология. Клинична медицина _b616 _z618 |
||
| 100 |
_91299 _aБелошапко, П. А. _eпърви автор |
||
| 139 | _aБелошапко, П. А. | ||
| 245 |
_aОбезболивание и ускорение родов _cП. А. Белошапко, А. М. Фой |
||
| 260 |
_9212287 _aМосква _bМедгиз _c1954 |
||
| 300 |
_a173с. _c21см |
||
| 380 | _a61 | ||
| 490 |
_9451473 _aБиблиотека практического врача |
||
| 650 | 7 |
_9161604 _aМедицина |
|
| 653 | 0 |
_9451747 _aобезболяване |
|
| 653 | 7 |
_9190721 _aмедицина |
|
| 700 |
_aФой, А. М. _eсъавт. _91445 |
||
| 852 |
_aЦб 6.205.46247 _bО |
||
| 942 |
_cKNG _n0 _s1 |
||
| 944 |
_aCR _c2021-05-07 _kМикаела Микова-Илиева _l2021-05-07 |
||